Planificación urbana y vivienda progresiva

Uloženo v:
Podrobná bibliografie
Hlavní autor: Lungo Uclés, Mario
Korporativní autor: CSUCA
Médium: Text
Vydáno: San José: CSUCA
Tagy: Přidat tag
Žádné tagy, Buďte první, kdo vytvoří štítek k tomuto záznamu!

MARC

LEADER 00000 a a2200000 04500
001 21073
003
040
090 |a 091100  
100 |a Lungo Uclés, Mario  
110 |a CSUCA  
245 |a Planificación urbana y vivienda progresiva  
260 |a San José:   |b CSUCA  
300 |a 20 p.  
999 |c 11333  |d 11333